| 000 | 00568nam a2200193 u 4500 | ||
|---|---|---|---|
| 005 | 20240223063623.0 | ||
| 008 | 111109s2004 r 000 0 eng d | ||
| 020 | _a9505819854 | ||
| 035 | _aUPN01000182462 | ||
| 049 | _aI | ||
| 050 | 4 |
_aPQ4627 L3.8 _bA9 |
|
| 100 | 0 |
_aLeonardo, _cda Vinci, _d1452-1519 |
|
| 245 | 1 | 3 |
_aEl ave extraordinaria y otros textos / _cLeonardo da Vinci. |
| 260 |
_aBuenos Aires : _bColihue, _c2004. |
||
| 300 |
_a30 p. : _bil. |
||
| 440 | 4 | _aLos grandes para los chicos | |
| 650 | 4 |
_aCuentos infantiles italianos _97373 |
|
| 905 | _aInfantil | ||
| 999 |
_c154565 _d154565 |
||